000 03438cam a2200349 i 4500
003 SA-RiAUC
005 20250427070650.0
008 250422s2008____le g 00010 ara c
020 _a9953348723
020 _a9789953348728
024 0 _a00000000265312
040 _aSA-RiKAPL
_bara
_cSA-RiAUC
_dKAC
_erda
082 0 4 _a257.1
_qSA-RiAUC
090 _a257.1
_bغ ز ا
100 1 _aالغزالي، محمد بن محمد بن محمد،
_cحجة الإسلام،
_d450-505 هجري
_eمؤلف.
245 1 2 _aالتبر المسبوك في نصيحة الملوك /
_cللإمام حجة الإسلام أبي حامد محمد بن محمد بن محمد الغزالي ؛ اعتنى به هيثم خليفة طعيمي.
250 _aالطبعة الأولى.
264 1 _aصيدا، لبنان ؛
_aبيروت :
_bالمكتبة العصرية للطباعة والنشر :
_bشركة أبناء شريف الأنصاري للطباعة والنشر والتوزيع :
_bالدار النموذجية،
_c2008
264 3 _aصيدا، لبنان :
_bالمطبعة العصرية
300 _a128 صفحة ؛
_c24 × 17 سم
336 _aنص
_btxt
_2rdacontent
_3كتاب
337 _aبدون وسيط
_bn
_2rdamedia
338 _aمجلد
_bnc
_2rdacarrier
505 0 _aالمحتويات : مقدمة الناشر-ترجمة المؤلف-مقدمة المترجم-تمهيد-ابتداء قاعدة الاعتقاد الذي هو أصل الإيمان-الأصل الثاني : في تنزيه الخالق تعالى-الأصل الثالث : في القدرة-الأصل الرابع : في العلم-الأصل الخامس والسادس : في أنه سميع بصير-الأصل السابع : في الكلام-الأصل الثامن : في أفعاله تعالى-الأصل التاسع : في ذكر الآخرة-الأصل العاشر : في ذكر رسول الله صلى الله عليه وسلم ... وموضوعات أخرى.
650 7 _aالنظام السياسي في الإسلام
_2aucsh
650 7 _aنظم الحكم في الإسلام
_2aucsh
700 1 _aالطعيمي، هيثم خليفة
_eمراجع.
856 _uhttp://www.alwaraq.net/Core/AlwaraqSrv/bookpage?book=1072&option=1&fkey=2&page=1
_yDigital Copy
_2 نرجو الانتباه لإمكانية وجود اختلاف في الطبعة أو الناشر بين البيانات على البوابة وما ستجده على الكتاب نظرا لمحدودية المعلومات المتاحة على الموقع الناشر للمادة.
_3Please note that there may be a difference in the edition or publisher between the data on the portal and the book due to the limited information available on the publisher website for the material.
856 _uhttp://www.alwaraq.net/Core/waraq/coverpage?bookid=1072&option=1
_yExternal Link
_2 نرجو الانتباه لإمكانية وجود اختلاف في الطبعة أو الناشر بين البيانات على البوابة وما ستجده على الكتاب نظرا لمحدودية المعلومات المتاحة على الموقع الناشر للمادة.
_3Please note that there may be a difference in the edition or publisher between the data on the portal and the book due to the limited information available on the publisher website for the material.
942 _2ddc
_cBOOK
_n0
949 _aSA-JeALM
_d250422
_umohamedma123
_n1
999 _c7366
_d7366